Sports Quiz

Random Sports or World Quiz

Champions League, World Cup and Ballon d'Or winners Quiz Stats

 Plays Quiz not verified by Sporcle

Challenge
Share
Tweet
Embed
Score 0/8 Timer 09:00
0 Plays Today
Hint Answer % Correct
FrenchZinedine Zidane
82.4%
BrazilianRonaldinho
75.8%
BrazilianKaka
67.9%
EnglishBobby Charlton
58.4%
BrazilianRivaldo
55.5%
GermanFranz Beckenbauer
49.1%
ItalianPaolo Rossi
23.9%
GermanGerd Muller
14.3%

You're not logged in!

Compare scores with friends on all Sporcle quizzes.
Join for Free
OR
Log In

You Might Also Like...

Show Comments

Extras

Top Quizzes Today


Score Distribution

Your Account Isn't Verified!

In order to create a playlist on Sporcle, you need to verify the email address you used during registration. Go to your Sporcle Settings to finish the process.

Report this User

Report this user for behavior that violates our Community Guidelines.

Details: